| 000 | 00963nam a22002297a 4500 | ||
|---|---|---|---|
| 999 |
_c7292 _d7292 |
||
| 003 | AR-CdUCM | ||
| 008 | 190320b ||||| |||| 00| 0 spa d | ||
| 040 |
_aMUNICIPALIDAD PROVINCIAL DEL CUSCO _cBIBLIOTECA MUNICIPAL DEL CUSCO |
||
| 041 | _hrus | ||
| 082 |
_a621.902 / _bC545 |
||
| 100 |
_aChernov, N. N. _920561 |
||
| 245 | _aMáquinas-herramientas para metales / | ||
| 260 |
_aMoscú : _bMIR, _c1974. |
||
| 300 |
_a445 páginas ; _bfiguras, gráficos, _c22 cm. |
||
| 505 | _aContenido: Nociones generales sobre las máquinas herramientas para metales -- Elementos tipo y mecanismos de las máquinas-herramientas para metales -- Equipo eléctrico de las máquinas-herramientas para metales -- Equipo hidráulico de las máquinas-herramientas para metales ... | ||
| 650 |
_aHidráulico _920562 |
||
| 650 |
_aMáquinas _920333 |
||
| 650 |
_aTornos _920563 |
||
| 700 |
_aBallesteros Elías, Antonio (traducción) _920564 |
||
| 942 |
_2ddc _cLIBROS |
||
| 945 | _aachl | ||